MARC

LEADER 00000nam0a2200000 4500
001 256452
005 20231101233121.0
010 |a 0582838037 
010 |a 978-0-582-83803-1 
035 |a (RuTPU)RU\TPU\book\279141 
035 |a RU\TPU\book\24502 
090 |a 256452 
100 |a 20140409d2010 m y0engy50 ba 
101 0 |a eng 
102 |a GB 
105 |a y j 000zy 
200 1 |a New Insights into Business  |e Workbook  |f G. Tullis, S. Power 
205 |a 2nd ed. 
210 |a Harlow  |c Longman  |d 2010 
215 |a 96 p. 
606 1 |a Английский язык  |x Учебные руководства и пособия  |x Учебные руководства и пособия для высшей школы  |2 stltpush  |3 (RuTPU)RU\TPU\subj\29071  |9 52483 
610 1 |a бизнес 
610 1 |a экономика 
610 1 |a лексика 
610 1 |a чтение 
686 |a Ш143.21-923  |v LBC/SL-A  |2 rubbk 
700 1 |a Tullis  |b G.  |g Graham 
701 1 |a Power  |b S.  |g Susan 
801 0 |a RU  |b 63413507  |c 20011209  |g PSBO 
801 2 |a RU  |b 63413507  |c 20200528  |g PSBO 
942 |c BK